002800000a22001210004500060000800000082001500008100002100023245003000044260004300074260000900117300000800126650002400134 a100 a582.13 MOR aMorley, Briand D aWild flowers of the world aLondon, Ebury Press and michael Joseph c1970 a432 aWild flowers- world